| 000 | 00996nam a22002417a 4500 | ||
|---|---|---|---|
| 005 | 20240530110948.0 | ||
| 008 | 160618s2008 ua o|||f |||| 00| 0 ara d | ||
| 020 | _a9772086980 | ||
| 040 | _aEG-CaGPL | ||
| 082 | 0 | 4 |
_a923.2 / _bا ق _221 |
| 100 | 0 | _aاحمد حيدر الشهابى | |
| 245 | 1 | 0 |
_aقصة احمد باشا الجزار بين مصر والشام وحوادثه مع نابليون بونابرت / _cتاليف احمد حيدر الشهابى ؛ محقق عبدالعزيز جمال الدين |
| 250 | _aط .1 | ||
| 260 |
_aالقاهرة : _bمكتبة مدبولى، _c2008 |
||
| 300 |
_a317 ص. : _bصور _c24 سم. |
||
| 490 |
_aصحفات من تاريخ مصر _v( 56 ) |
||
| 650 | _2السلطان عبدالحميد | ||
| 651 | 0 | 4 |
_aمصر _xتاريخ _yالدولة العثمانية |
| 651 | 0 | 4 |
_aمصر _xتاريخ |
| 700 |
_aعبدالعزيز جمال الدين _eمحقق |
||
| 942 |
_2ddc _cBK |
||
| 999 |
_c66945 _d66945 |
||